| 000 | 00836cam a22002771 4500 | ||
|---|---|---|---|
| 999 |
_c9945 _d9945 |
||
| 001 | 9945 | ||
| 003 | BD-JhCC | ||
| 005 | 20180404095347.0 | ||
| 008 | 180403r19671975mauach 000 0aeng | ||
| 035 | _a(BD-JhCC)9945 | ||
| 035 | _a(OCoLC)228124 | ||
| 040 |
_aDLC _cOUrC _dOCoLC _dIDeKN _dIAurC _dDLC _dBD-JhCC |
||
| 041 | _aeng | ||
| 050 | 0 | 0 |
_aB1649.R94 _bA33 |
| 082 |
_a828/.9/1203 _bRUS 1967 |
||
| 100 | 1 |
_aRussell, Bertrand, _d1872-1970. |
|
| 245 | 1 | 4 |
_aThe autobiography of Bertrand Russell / _cBertrand Russell, |
| 250 | _a[1st American ed.] | ||
| 260 |
_aBoston : _bLittle, Brown, _c1967. |
||
| 300 |
_a750 p. : _billus., facsim., ports. _c24 cm. |
||
| 500 | _a"An Atlantic Monthly Press book." | ||
| 505 | 0 | _a[1] 1872-1914.--[2] 1914-1944. | |
| 600 | 1 | 0 |
_aRussell, Bertrand, _d1872-1970 |
| 942 |
_2ddc _cREF |
||